Final report : generic design and construction process protocol. (Record no. 97377)
[ view plain ]
| 000 -LEADER | |
|---|---|
| fixed length control field | 01164cam a2200325 4500 |
| 008 - FIXED-LENGTH DATA ELEMENTS--GENERAL INFORMATION | |
| fixed length control field | 090401t1998 xxu||||| |||| 00| 0 eng d |
| 020 ## - INTERNATIONAL STANDARD BOOK NUMBER | |
| International Standard Book Number | 0902896199 |
| 035 ## - SYSTEM CONTROL NUMBER | |
| System control number | (Sirsi) u88726 |
| 041 ## - LANGUAGE CODE | |
| Language code of text/sound track or separate title | eng |
| 050 ## - LIBRARY OF CONGRESS CALL NUMBER | |
| Classification number | 658.404 |
| 110 ## - MAIN ENTRY--CORPORATE NAME | |
| Corporate name or jurisdiction name as entry element | University of Salford. |
| 9 (RLIN) | 3465 |
| 245 ## - TITLE STATEMENT | |
| Title | Final report : generic design and construction process protocol. |
| 260 ## - PUBLICATION, DISTRIBUTION, ETC. | |
| Place of publication, distribution, etc. | Salford |
| Name of publisher, distributor, etc. | University of Salford |
| Date of publication, distribution, etc. | 1998 |
| 300 ## - PHYSICAL DESCRIPTION | |
| Extent | ii,178p. ; 30cm. |
| 350 ## - PRICE (NR) (BK AM CF MU VM SE) [OBSOLETE] | |
| Price | 50 |
| 520 ## - SUMMARY, ETC. | |
| Summary, etc. | Describes the findings of the research team. Includes best practice literature and case studies as well as discussing the issues raised for the whole construction industry as a result of the study. Accompanies the report A Generic Guide to the Design and Construction Process Protocol. |
| 650 ## - SUBJECT ADDED ENTRY--TOPICAL TERM | |
| Topical term or geographic name entry element | CONSTRUCTION INDUSTRY |
| 650 ## - SUBJECT ADDED ENTRY--TOPICAL TERM | |
| Topical term or geographic name entry element | CONSTRUCTION PROJECTS |
| 650 ## - SUBJECT ADDED ENTRY--TOPICAL TERM | |
| Topical term or geographic name entry element | PROJECT DOCUMENTATION |
| 650 ## - SUBJECT ADDED ENTRY--TOPICAL TERM | |
| Topical term or geographic name entry element | PROJECT PROTOCOLS |
| 690 ## - LOCAL SUBJECT ADDED ENTRY--TOPICAL TERM (OCLC, RLIN) | |
| Topical term or geographic name as entry element | Project management |
| 9 (RLIN) | 6261 |
| 700 ## - ADDED ENTRY--PERSONAL NAME | |
| Personal name | Kagioglou, Michail |
| 700 ## - ADDED ENTRY--PERSONAL NAME | |
| Personal name | Cooper, Rachel |
| 700 ## - ADDED ENTRY--PERSONAL NAME | |
| Personal name | Aouad, Ghassan |
| 700 ## - ADDED ENTRY--PERSONAL NAME | |
| Personal name | Hinks, John |
| 700 ## - ADDED ENTRY--PERSONAL NAME | |
| Personal name | Sexton, Martin |
| 700 ## - ADDED ENTRY--PERSONAL NAME | |
| Personal name | Sheath, Darryl |
| 942 ## - ADDED ENTRY ELEMENTS (KOHA) | |
| Suppress in OPAC | 0 |
| 948 ## - LOCAL PROCESSING INFORMATION (OCLC); SERIES PART DESIGNATOR (RLIN) | |
| c (OCLC) | 29/09/1998 |
| Withdrawn status | Lost status | Source of classification or shelving scheme | Damaged status | Not for loan | Home library | Current library | Shelving location | Date acquired | Cost, normal purchase price | Total Checkouts | Full call number | Barcode | Date last seen | Date last checked out | Copy number | Cost, replacement price | Price effective from | Koha item type |
|---|---|---|---|---|---|---|---|---|---|---|---|---|---|---|---|---|---|---|
| Dewey Decimal Classification | London | London | Folio | 09/11/1998 | 50.00 | 3 | F658.404 | 30056773 | 06/08/2019 | 22/01/2009 | 1 | 50.00 | 06/08/2019 | Book |